| 000 | 00561pab a2200169 454500 | ||
|---|---|---|---|
| 008 | 180718b2014 xxu||||| |||| 00| 0 eng d | ||
| 100 | _aEhrenberg, Ronald G. | ||
| 245 | _aWhat's the future of public higher education? A review essay on Gary C. Fethke and Andrew J. Policano's public no more: A new path to excellence for America's public universities | ||
| 260 | _c2014 | ||
| 300 | _ap.1142-1150. | ||
| 362 | _aDec | ||
| 650 | _aUniversities | ||
| 650 | _aHigher education | ||
| 773 | _aJournal of Economic Literature | ||
| 908 | _aN | ||
| 909 | _a106932 | ||
| 999 |
_c106927 _d106927 |
||